Statistics for Italy National Football Team

Click here to take the quiz!

General Stats

  • This quiz has been taken 53 times
  • The average score is 10 of 20

Answer Stats

Goals Caps Player % Correct
0176Gianluigi Buffon
92%
7126Paolo Maldini
89%
21117Daniele De Rossi
81%
8105Giorgio Chiellini
78%
2791Alessandro Del Piero
78%
2136Fabio Cannavaro
70%
2557Filippo Inzaghi
70%
2756Roberto Baggio
70%
2349Christian Vieri
62%
13116Andrea Pirlo
59%
799Leonardo Bonucci
51%
298Gianluca Zambrotta
49%
0112Dino Zoff
41%
3353Giuseppe Meazza
35%
3542Luigi Riva
32%
394Giacinto Facchetti
22%
3034Silvio Piola
19%
2561Alessandro Altobelli
14%
2364Francesco Graziani
5%
2547Adolfo Baloncieri
3%

Score Distribution

Percentile by Number Answered

Percent of People with Each Score

Your Score History

You have not taken this quiz